Normal view MARC view

Entry Personal Name

Number of records used in: 1

001 - CONTROL NUMBER

  • control field: 9815

003 - CONTROL NUMBER IDENTIFIER

  • control field: DLC

005 - DATE AND TIME OF LATEST TRANSACTION

  • control field: 20231103100713.0

008 - FIXED-LENGTH DATA ELEMENTS

  • fixed length control field: 871104n| azannaabn |a aaa

010 ## - LIBRARY OF CONGRESS CONTROL NUMBER

  • LC control number: n 87878881

035 ## - SYSTEM CONTROL NUMBER

  • System control number: (OCoLC)oca01975090

040 ## - CATALOGING SOURCE

  • Original cataloging agency: DLC
  • Language of cataloging: eng
  • Description conventions: rda
  • Transcribing agency: DLC
  • Modifying agency: DLC
  • Modifying agency: IEN

046 ## - SPECIAL CODED DATES

  • Birth date: 1950-01-09
  • Source of date scheme: edtf

100 1# - HEADING--PERSONAL NAME

  • Personal name: Sherif, M. A.,
  • Dates associated with a name: 1950-

370 ## - ASSOCIATED PLACE

  • Associated country: England
  • Associated country: Great Britain
  • Other associated place: London (England)
  • Source of term: naf

373 ## - ASSOCIATED GROUP

  • Associated group: Arafah Systems Ltd.

377 ## - ASSOCIATED LANGUAGE

  • Language code: eng

400 1# - SEE FROM TRACING--PERSONAL NAME

  • Personal name: Sherif, M. A. J.,
  • Dates associated with a name: 1950-

670 ## - SOURCE DATA FOUND

  • Source citation: Author's Database projects, 1987:
  • Information found: CIP t.p. (M.A.J. Sherif, B.Sc. (Hons), M.Sc., Ph.D.; Arafah Systems Ltd., London) data sheet (b. 1/9/50) book t.p. (M.A. Sherif)

Powered by Koha